buteurs en finale d 'Euro ( football) - Statistiques

Statistiques générales
  • Ce quiz a été pris 188 fois
  • Le résultat moyen est 10 sur 38
Statistiques - réponses
années buteurs Pays % Correct
2016 Eder Portugal
89%
2000 Trezeguet France
85%
1984 Platini France
81%
2008 Torres Espagne
81%
2012 Torres Espagne
81%
2000 Wiltord France
66%
1988 Van Basten Pays Bas
54%
2021 Shaw Angleterre
53%
2021 Bonucci Italie
51%
1972 Müller RFA
50%
1976 Müller RFA
50%
2012 Silva Espagne
50%
1988 Gullit Pays Bas
43%
2012 Alba Espagne
39%
2004 Charisteas Grèce
27%
2000 Delvecchio Italie
26%
2012 Mata Espagne
23%
1984 Bellone France
21%
1996 Bierhoff Allemagne
15%
1968 Riva Italie
9%
1980 Hrubesch RFA
4%
1992 Jensen Danemark
4%
1968 Anastasi Italie
3%
1996 Berger Tchéquie
3%
1992 Vilfort Danemark
3%
1960 Ponedelnik URSS
2%
1976 Dobias Tchécoslovaquie
1%
1968 Domenghini Italie
1%
1968 Džajić Yougoslavie
1%
1960 Galic Yougoslavie
1%
1976 Hölzenbein RFA
1%
1960 Metreveli URSS
1%
1964 Pereda Espagne
1%
1976 Svehlik Tchécoslovaquie
1%
1980 Vandereycken Belgique
1%
1964 Khusainov URSS
0%
1964 Martinez Espagne
0%
1972 Wimmer RFA
0%
Aucun quiz correspondant
Distribution des résultats
% des personnes avec chaque résultat
Percentile par nombre de réponses
Votre historique - résultats
Vous n’avez pas pris ce quiz